[Event "Asker CC-ch"]
[Site "Asker"]
[Date "2018.03.19"]
[Round "6"]
[White "Barker, Daniel"]
[Black "Pettersen, Kjell F"]
[Result "1/2-1/2"]
[WhiteElo "1985"]
[BlackElo "1860"]
[PlyCount "113"]
[EventDate "2018.01.15"]
[EventType "tourn"]
[EventRounds "9"]
[EventCountry "NOR"]
[SourceTitle "EXT 2019"]
[Source "ChessBase"]
[SourceDate "2018.10.10"]
[SourceVersion "1"]
[SourceVersionDate "2018.10.10"]
[SourceQuality "1"]

1. c4 c5 2. g3 g6 3. Bg2 Bg7 4. Nc3 Nc6 5. a3 d6 6. Rb1 a5 7. d3 Bd7 8. Nh3 Nf6 9. Bg5 h6 10. Bxf6 Bxf6 11. Nf4 0-0 12. 0-0 Rb8 13. Qd2 Bg7 14. e3 e6 15. Rfe1 Ne7 16. b4 axb4 17. axb4 cxb4 18. Rxb4 Qa5 19. Reb1 Nc6 20. R4b3 Bxc3 21. Qxc3 Qxc3 22. Rxc3 Na5 23. Rb6 Bc6 24. Ra3 Ra8 25. Rc3 Rfc8 26. Ne2 Bxg2 27. Kxg2 Rc6 28. Rb1 e5 29. e4 Rb8 30. Ra3 Ra6 31. Nc3 Kf8 32. Nd5 Nc6 33. Rab3 Nd8 34. Rb6 Ra3 35. R1b3 Rxb3 36. Rxb3 Ra8 37. Kf3 Ra2 38. Nc3 Ne6 39. Nxa2 Nd4+ 40. Ke3 Nxb3 41. f4 f6 42. Nc3 Nd4 43. g4 Kf7 44. f5 g5 45. Kf2 Ke7 46. Nd5+ Kf7 47. Nc3 Ke7 48. Ke3 Nc2+ 49. Ke2 Nd4+ 50. Kf2 Kf8 51. h3 Kf7 52. Ke3 Ke7 53. Nd5+ Kf7 54. Nb6 Ke7 55. Nc8+ Kd7 56. Nb6+ Ke7 57. Nd5+ 1/2-1/2

[Event "Asker CC-ch"]
[Site "Asker"]
[Date "2018.03.05"]
[Round "5"]
[White "Odegaard, Per"]
[Black "Barker, Daniel"]
[Result "0-1"]
[WhiteElo "1947"]
[BlackElo "1985"]
[PlyCount "86"]
[EventDate "2018.01.15"]
[EventType "tourn"]
[EventRounds "9"]
[EventCountry "NOR"]
[SourceTitle "EXT 2019"]
[Source "ChessBase"]
[SourceDate "2018.10.10"]
[SourceVersion "1"]
[SourceVersionDate "2018.10.10"]
[SourceQuality "1"]

1. e4 c5 2. Nf3 Nc6 3. d4 cxd4 4. Nxd4 e5 5. Nb3 Nf6 6. Nc3 Bb4 7. Bc4 0-0 8. f3 Bxc3+ 9. bxc3 Qb6 10. Bg5 Ne7 11. Rb1 Rd8 12. Nd2 Qa5 13. Bxf6 gxf6 14. 0-0 Qxc3 15. Rb3 Qd4+ 16. Kh1 d5 17. exd5 Bf5 18. c3 Qc5 19. Rb5 Qc7 20. Qb3 b6 21. Ne4 Bxe4 22. fxe4 Rd6 23. Rb4 Rc8 24. Ba6 Rcd8 25. Rc1 Qc5 26. c4 f5 27. Qg3+ Rg6 28. Qc3 fxe4 29. Rb2 Qd4 30. Qb4 Nf5 31. Rb3 Qf2 32. Rg1 e3 33. h3 Ng3+ 34. Kh2 Ne2 35. Rbb1 Nxg1 36. Rxg1 Qf4+ 37. g3 Qd4 38. Qe7 Rf8 39. Qb4 Rf6 40. Rg2 Rf2 41. Qe7 Rxg2+ 42. Kxg2 Qd2+ 43. Kf3 e2 0-1

[Event "Asker CC-ch"]
[Site "Asker"]
[Date "2018.02.26"]
[Round "1"]
[White "Barker, Daniel"]
[Black "Leonhardsen, Vebjorn Maanum"]
[Result "1/2-1/2"]
[WhiteElo "1985"]
[BlackElo "1583"]
[PlyCount "140"]
[EventDate "2018.01.15"]
[EventType "tourn"]
[EventRounds "9"]
[EventCountry "NOR"]
[SourceTitle "EXT 2019"]
[Source "ChessBase"]
[SourceDate "2018.10.10"]
[SourceVersion "1"]
[SourceVersionDate "2018.10.10"]
[SourceQuality "1"]

1. c4 e5 2. Nc3 Bb4 3. Qb3 Bxc3 4. Qxc3 Nc6 5. d3 d5 6. cxd5 Qxd5 7. Nf3 Bg4 8. e4 Qd6 9. Be2 Bxf3 10. Bxf3 Nd4 11. Be2 Ne7 12. Be3 Nec6 13. Bxd4 Nxd4 14. Qd2 0-0 15. 0-0 Rad8 16. Rfd1 Rd7 17. Rac1 c6 18. Bf1 Rfd8 19. Qa5 b6 20. Qd2 Qg6 21. Kh1 Rd6 22. Qb4 Ne6 23. Qa4 Qf6 24. f3 Nd4 25. Qxa7 b5 26. Qa3 Qf4 27. Qc3 Rh6 28. h3 g5 29. Qd2 Qf6 30. Qc3 Rd6 31. Rb1 Qe6 32. b3 g4 33. fxg4 Qxg4 34. Qd2 Rdg6 35. Qe3 Kg7 36. Rdc1 Qh4 37. Kh2 Rh5 38. g3 Qe7 39. Be2 Rhh6 40. a4 Qe6 41. Bf1 Nxb3 42. Rc3 bxa4 43. Rc4 Rf6 44. Bg2 Nd4 45. Rf1 a3 46. Rxf6 Rxf6 47. Qc1 a2 48. Ra4 h6 49. Qb2 Nf3+ 50. Bxf3 Rxf3 51. Rxa2 Rxd3 52. Ra5 f6 53. Qc2 Qd6 54. Ra2 h5 55. Qe2 Kh6 56. Qf2 c5 57. h4 c4 58. Qf5 Rd2+ 59. Rxd2 Qxd2+ 60. Kh3 Qd6 61. Qc8 Kg7 62. Qxc4 Qd7+ 63. Kg2 Qd2+ 64. Kf3 Qd1+ 65. Kg2 Qe1 66. Qc7+ Kg6 67. Qc4 Qd2+ 68. Kf3 Kg7 69. Qc7+ Kh6 70. Qc6 Qd3+ 1/2-1/2

[Event "Asker Autumn Master"]
[Site "Asker"]
[Date "2017.12.04"]
[Round "9"]
[White "Barker, Daniel"]
[Black "Odegaard, Per"]
[Result "0-1"]
[WhiteElo "1976"]
[BlackElo "1927"]
[PlyCount "70"]
[EventDate "2017.08.28"]
[EventType "swiss"]
[EventRounds "9"]
[EventCountry "NOR"]
[SourceTitle "EXT 2024"]
[Source "ChessBase"]
[SourceDate "2023.10.10"]
[SourceVersion "1"]
[SourceVersionDate "2023.10.10"]
[SourceQuality "1"]

1. d4 g6 2. c4 Bg7 3. e4 d6 4. Nc3 Nf6 5. h3 0-0 6. Be3 Nbd7 7. Bd3 c5 8. d5 e5 9. Nge2 Ne8 10. g4 a6 11. Ng3 Bf6 12. Qd2 Bh4 13. a3 Ng7 14. b4 cxb4 15. axb4 b6 16. 0-0 a5 17. Nb5 Be7 18. bxa5 bxa5 19. Na7 Nc5 20. Bxc5 dxc5 21. Nc6 Qd6 22. Nxe7+ Qxe7 23. Rxa5 Rxa5 24. Qxa5 h5 25. f3 f5 26. Be2 Qh4 27. Kg2 fxg4 28. hxg4 hxg4 29. fxg4 Rxf1 30. Nxf1 Bxg4 31. Bxg4 Qxg4+ 32. Ng3 Nh5 33. Qd8+ Kf7 34. Qc7+ Kg8 35. Qxe5 Nf4+ 0-1

[Event "Asker Autumn Master"]
[Site "Asker"]
[Date "2017.11.20"]
[Round "8"]
[White "Lilleseth, Eivind"]
[Black "Barker, Daniel"]
[Result "0-1"]
[WhiteElo "1659"]
[BlackElo "1976"]
[PlyCount "126"]
[EventDate "2017.08.28"]
[EventType "swiss"]
[EventRounds "9"]
[EventCountry "NOR"]
[SourceTitle "EXT 2024"]
[Source "ChessBase"]
[SourceDate "2023.10.10"]
[SourceVersion "1"]
[SourceVersionDate "2023.10.10"]
[SourceQuality "1"]

1. f4 d5 2. Nf3 g6 3. e3 Bg7 4. Be2 c5 5. Na3 a6 6. 0-0 Nc6 7. c3 Nh6 8. d4 b6 9. Nc2 Bf5 10. Bd3 0-0 11. b3 b5 12. Ba3 c4 13. Be2 Qc7 14. Bc1 Rfd8 15. h3 f6 16. Nce1 Nf7 17. bxc4 bxc4 18. Nh4 Be4 19. Ba3 Rdb8 20. Bf3 Bxf3 21. Nhxf3 Qa5 22. Qc1 Nd6 23. Bxd6 exd6 24. Nd2 Re8 25. Rf3 Re7 26. a4 f5 27. Qa3 Qc7 28. Nc2 a5 29. Rb1 Rb8 30. Rff1 Na7 31. Kf2 Ree8 32. Qa2 Qe7 33. Rfe1 Bf6 34. Rxb8 Rxb8 35. Rb1 Qc7 36. Na3 Kf7 37. Nb5 Nxb5 38. axb5 Bd8 39. Qa4 Qe7 40. Nf3 Qe4 41. Rb2 h6 42. Qa3 Qe7 43. g4 Qd7 44. g5 Kg7 45. h4 hxg5 46. hxg5 Bb6 47. Qa4 Rh8 48. Qd1 Qe8 49. Qb1 Rh5 50. Re2 Qh8 51. Qb2 Kf7 52. Ke1 Qe8 53. Kd2 Qe4 54. Ne1 Rh1 55. Qc2 Qe8 56. Qb2 Ke6 57. Kc2 Kd7 58. Kd2 Kc7 59. Nc2 Kb7 60. Na3 Bd8 61. Nc2 Kb6 62. Na3 Qe4 63. Qc2 Qf3 0-1

[Event "Asker Autumn Master"]
[Site "Asker"]
[Date "2017.10.30"]
[Round "7"]
[White "Barker, Daniel"]
[Black "Utseth, Mikhail"]
[Result "0-1"]
[WhiteElo "1976"]
[BlackElo "1641"]
[PlyCount "144"]
[EventDate "2017.08.28"]
[EventType "swiss"]
[EventRounds "9"]
[EventCountry "NOR"]
[SourceTitle "EXT 2024"]
[Source "ChessBase"]
[SourceDate "2023.10.10"]
[SourceVersion "1"]
[SourceVersionDate "2023.10.10"]
[SourceQuality "1"]

1. Nf3 c5 2. e3 d5 3. d4 e6 4. c4 Nf6 5. a3 Nc6 6. dxc5 Bxc5 7. b4 Bd6 8. Bb2 0-0 9. Nbd2 Qc7 10. Rc1 Qe7 11. Be2 e5 12. cxd5 Nxd5 13. Ne4 Be6 14. Nxd6 Rad8 15. 0-0 Rxd6 16. Qa4 f6 17. b5 Nb6 18. Qh4 Nd8 19. Bxe5 Rd5 20. Bb2 g5 21. Qg3 Rf7 22. Nd4 Rg7 23. Qb8 Na4 24. Nxe6 Qxe6 25. Bc4 Nxb2 26. e4 Nxc4 27. exd5 Qd6 28. Qxa7 Nxa3 29. b6 Nb5 30. Qa4 Qd7 31. Rfe1 Rf7 32. Rc5 Nd6 33. Qa8 Rf8 34. Rc7 Qb5 35. Qa2 Qxb6 36. Qc2 N8f7 37. h3 Qd4 38. Rd1 Qf4 39. Ra1 b5 40. Ra6 Qe5 41. Rd7 Qe1+ 42. Kh2 Rc8 43. Rc6 Rxc6 44. dxc6 Qe5+ 45. g3 Qe6 46. Rb7 Qc8 47. Ra7 Qb8 48. Qa2 Kg7 49. Qa6 b4 50. c7 Qc8 51. Qb6 Qf5 52. Ra4 b3 53. Rb4 Nc8 54. Qd4 Ne5 55. Qe3 Qc2 56. Rxb3 Qxc7 57. Rc3 Nc4 58. Qd4 N8d6 59. h4 h6 60. h5 Qf7 61. g4 Qe6 62. Kh3 Kf7 63. Qd3 f5 64. f3 Ne5 65. Rc7+ Kf6 66. Qe2 fxg4+ 67. fxg4 Qb3+ 68. Kg2 Qd5+ 69. Kh2 Nf3+ 70. Kg3 Ne4+ 71. Kg2 Nh4+ 72. Kg1 Qd4+ 0-1

[Event "Asker Autumn Master"]
[Site "Asker"]
[Date "2017.10.23"]
[Round "6"]
[White "Rostad, Rolf"]
[Black "Barker, Daniel"]
[Result "0-1"]
[WhiteElo "1761"]
[BlackElo "1976"]
[PlyCount "62"]
[EventDate "2017.08.28"]
[EventType "swiss"]
[EventRounds "9"]
[EventCountry "NOR"]
[SourceTitle "EXT 2024"]
[Source "ChessBase"]
[SourceDate "2023.10.10"]
[SourceVersion "1"]
[SourceVersionDate "2023.10.10"]
[SourceQuality "1"]

1. e4 c5 2. Nf3 Nc6 3. d4 cxd4 4. Nxd4 g6 5. Nc3 Bg7 6. Be3 Nf6 7. Bc4 Qa5 8. 0-0 0-0 9. Qd2 Ng4 10. Nxc6 bxc6 11. Bg5 Nf6 12. Rab1 Re8 13. b4 Qc7 14. Bf4 e5 15. Bh6 a5 16. Bxg7 Kxg7 17. a3 axb4 18. axb4 Ra3 19. f3 d5 20. exd5 Rxc3 21. Qxc3 cxd5 22. b5 dxc4 23. b6 Qc5+ 24. Kh1 Nd5 25. Qb2 Ba6 26. Qa2 Bb7 27. Qa4 Bc6 28. Qa7 Ra8 29. Qxa8 Bxa8 30. b7 Bxb7 31. Rxb7 Ne3 0-1

[Event "Asker Autumn Master"]
[Site "Asker"]
[Date "2017.09.11"]
[Round "3"]
[White "Mikelsen, Mattis"]
[Black "Barker, Daniel"]
[Result "0-1"]
[WhiteElo "1770"]
[BlackElo "1976"]
[PlyCount "82"]
[EventDate "2017.08.28"]
[EventType "swiss"]
[EventRounds "9"]
[EventCountry "NOR"]
[SourceTitle "EXT 2024"]
[Source "ChessBase"]
[SourceDate "2023.10.10"]
[SourceVersion "1"]
[SourceVersionDate "2023.10.10"]
[SourceQuality "1"]

1. e4 c5 2. d4 cxd4 3. c3 Nf6 4. e5 Nd5 5. cxd4 d6 6. Nf3 Nc6 7. Bc4 dxe5 8. dxe5 e6 9. 0-0 Be7 10. Qe2 Qc7 11. Rd1 Nb6 12. Bb3 Bd7 13. Nc3 a6 14. Bf4 Na5 15. Rac1 Bc6 16. Nd4 Nxb3 17. axb3 0-0 18. Bg3 Rad8 19. Ne4 Nd5 20. Nxc6 bxc6 21. Qxa6 Nb4 22. Qc4 Qb6 23. h3 Rd5 24. Nc3 Rxd1+ 25. Rxd1 Rd8 26. Rxd8+ Qxd8 27. Ne4 Qd1+ 28. Kh2 Qd5 29. Nd6 Nd3 30. Qxd5 exd5 31. Kg1 Nxb2 32. Kf1 Nd3 33. f3 Kf8 34. Nb7 Bb4 35. Bf2 Ke7 36. Bd4 c5 37. Be3 d4 38. Bg5+ f6 39. exf6+ gxf6 40. Ke2 fxg5 41. Kxd3 Kd7 0-1

[Event "Trondheim tt U26"]
[Site "Trondheim"]
[Date "2008.04.05"]
[Round "2"]
[White "Barker, Daniel"]
[Black "Dahl, Torbjorn"]
[Result "0-1"]
[WhiteElo "1478"]
[BlackElo "1588"]
[PlyCount "52"]
[EventDate "2008.04.05"]
[EventType "tourn"]
[EventRounds "5"]
[EventCountry "NOR"]
[SourceTitle "EXT 2010"]
[Source "ChessBase"]
[SourceDate "2010.11.25"]
[SourceVersion "1"]
[SourceVersionDate "2010.11.25"]
[SourceQuality "1"]

1. e4 c5 2. Nf3 Nc6 3. d4 cxd4 4. Nxd4 Nf6 5. Nc3 e5 6. Ndb5 d6 7. Bg5 a6 8. Na3 b5 9. Nd5 Be7 10. Bxf6 Bxf6 11. c3 Bg5 12. Nc2 Be6 13. Nce3 Ne7 14. g3 0-0 15. Bg2 Rb8 16. Nxe7+ Qxe7 17. Nd5 Qd7 18. h3 Kh8 19. Qd3 f5 20. Rd1 f4 21. g4 f3 22. Bxf3 Qf7 23. 0-0 Qxf3 24. Qxf3 Rxf3 25. Kg2 Rbf8 26. Nc7 Bc4 0-1

[Event "Trondheim tt U26"]
[Site "Trondheim"]
[Date "2008.04.05"]
[Round "3"]
[White "Odegaard, Per Christian"]
[Black "Barker, Daniel"]
[Result "0-1"]
[WhiteElo "1467"]
[BlackElo "1478"]
[PlyCount "70"]
[EventDate "2008.04.05"]
[EventType "tourn"]
[EventRounds "5"]
[EventCountry "NOR"]
[SourceTitle "EXT 2010"]
[Source "ChessBase"]
[SourceDate "2010.11.25"]
[SourceVersion "1"]
[SourceVersionDate "2010.11.25"]
[SourceQuality "1"]

1. e4 c5 2. Nc3 Nc6 3. f4 g6 4. Nf3 Bg7 5. Bc4 d6 6. 0-0 e6 7. d3 a6 8. f5 exf5 9. exf5 Bxf5 10. Re1+ Nge7 11. Nd5 Be6 12. Bg5 0-0 13. Nf6+ Kh8 14. Bxe6 fxe6 15. Rxe6 Qc7 16. Qe1 Nf5 17. g4 Nfd4 18. Nxd4 Nxd4 19. Qe3 Nxe6 20. Qxe6 Qf7 21. Qxf7 Rxf7 22. Ne4 Bd4+ 23. Kg2 d5 24. Nd6 Rf2+ 25. Kh1 Rxc2 26. Rf1 Rf2 27. Re1 Raf8 28. Be3 Bxe3 29. Rxe3 Rxb2 30. Kg1 Rd2 31. g5 Kg8 32. Re7 c4 33. Ne8 Rxd3 34. Nf6+ Rxf6 35. gxf6 Rf3 0-1